No red flags-sudden death - Statistics

General Stats
  • This quiz has been taken 53 times
  • The average score is 4 of 9
Answers on the Grid
Answers color-coded by a green-red scale on the quiz's grid according to % correct below.
Bhutan
Brunei
China
Djibouti
Dominica
Estonia
Fiji
Gabon
Honduras
Ireland
Lesotho
Moldova
Nepal
Nicaragua
Qatar
Rwanda
Saint Kitts and Nevis
Saint Vincent and the Grenadies
Tanzania
Uzbekistan
 
Answer Stats
Answer % Correct
A right answer Ireland
68%
A right answer Estonia
54%
A right answer Gabon
50%
Rarest colors merged into one Bhutan
46%
All blue Honduras
46%
A right answer Lesotho
29%
A right answer Tanzania
29%
A right answer Rwanda
25%
A right answer Saint Vincent and the Grenadies
14%
No matching quizzes found
Score Distribution
Percent of People with Each Score
Percentile by Number Answered
Your Score History
You have not taken this quiz